[Event "Budapest FS08 Nadassy"]
[Site "Budapest"]
[Date "2021.08.17"]
[Round "10"]
[White "Laddha, Yash Jayesh"]
[Black "Demjen, Attila"]
[Result "1-0"]
[WhiteElo "1944"]
[BlackElo "1799"]
[PlyCount "105"]
[EventDate "2021.08.07"]
[EventType "swiss"]
[EventRounds "12"]
[EventCountry "HUN"]
[SourceTitle "EXT 2022"]
[Source "ChessBase"]
[SourceDate "2021.10.06"]
[SourceVersion "1"]
[SourceVersionDate "2021.10.06"]
[SourceQuality "1"]
[WhiteTeam "Guests"]
[BlackTeam "Hungary"]
[WhiteTeamCountry "HUN"]
[BlackTeamCountry "HUN"]

1. e4 c6 2. d4 d5 3. Nd2 dxe4 4. Nxe4 Bf5 5. Ng3 Bg6 6. h4 h6 7. Nf3 Nd7 8. h5 Bh7 9. Bd3 Bxd3 10. Qxd3 e6 11. Bd2 Ngf6 12. 0-0-0 a5 13. Kb1 a4 14. c4 a3 15. b3 Be7 16. Ne4 Nxe4 17. Qxe4 Nf6 18. Qe2 0-0 19. g4 Nh7 20. Ne5 Qxd4 21. Bb4 Qxd1+ 22. Rxd1 Bxb4 23. Rd7 Rad8 24. Rxd8 Rxd8 25. Nd3 Bc3 26. Kc2 Bf6 27. f4 Rd4 28. Qe3 Rd8 29. Qb6 Rd7 30. Nc5 Bd4 31. Qa7 Bxc5 32. Qxc5 Nf6 33. Qxa3 Nxg4 34. Qc5 Nf6 35. b4 Rd2+ 36. Kc1 Rxa2 37. Qb6 Nxh5 38. Qxb7 Ra4 39. Kb2 c5 40. Qc8+ Kh7 41. Qxc5 Nxf4 42. Kb3 Ra1 43. b5 g5 44. Qd4 Rb1+ 45. Kc2 Rc1+ 46. Kb2 Rf1 47. b6 Rf2+ 48. Kb3 Rf3+ 49. Kc2 f5 50. b7 Kg6 51. b8Q Kh5 52. Qd1 g4 53. Qxf3 1-0

[Event "Budapest FS08 Nadassy"]
[Site "Budapest"]
[Date "2021.08.15"]
[Round "8"]
[White "Daakshin, Arun"]
[Black "Demjen, Attila"]
[Result "1-0"]
[WhiteElo "1758"]
[BlackElo "1799"]
[PlyCount "59"]
[EventDate "2021.08.07"]
[EventType "swiss"]
[EventRounds "12"]
[EventCountry "HUN"]
[SourceTitle "EXT 2022"]
[Source "ChessBase"]
[SourceDate "2021.10.06"]
[SourceVersion "1"]
[SourceVersionDate "2021.10.06"]
[SourceQuality "1"]
[WhiteTeam "Guests"]
[BlackTeam "Hungary"]
[WhiteTeamCountry "HUN"]
[BlackTeamCountry "HUN"]

1. d4 Nf6 2. c4 e5 3. dxe5 Ng4 4. e4 Nxe5 5. f4 Nec6 6. Nc3 Bb4 7. Nge2 a5 8. Be3 Na6 9. g3 Qe7 10. Bg2 Bc5 11. Nd5 Qd8 12. Nd4 Nxd4 13. Bxd4 Bxd4 14. Qxd4 0-0 15. 0-0 d6 16. Rad1 Be6 17. Ne3 f6 18. g4 Qc8 19. f5 Bf7 20. h4 h6 21. g5 hxg5 22. hxg5 fxg5 23. f6 g6 24. Nd5 Re8 25. Ne7+ Rxe7 26. fxe7 Qe6 27. e5 Nc5 28. Bd5 Qh3 29. Bxf7+ Kh7 30. Rd2 1-0

[Event "Budapest FS08 Nadassy"]
[Site "Budapest"]
[Date "2021.08.10"]
[Round "4"]
[White "Demjen, Attila"]
[Black "Laddha, Yash Jayesh"]
[Result "1-0"]
[WhiteElo "1799"]
[BlackElo "1944"]
[PlyCount "113"]
[EventDate "2021.08.07"]
[EventType "swiss"]
[EventRounds "12"]
[EventCountry "HUN"]
[SourceTitle "EXT 2022"]
[Source "ChessBase"]
[SourceDate "2021.10.06"]
[SourceVersion "1"]
[SourceVersionDate "2021.10.06"]
[SourceQuality "1"]
[WhiteTeam "Hungary"]
[BlackTeam "Guests"]
[WhiteTeamCountry "HUN"]
[BlackTeamCountry "HUN"]

1. e4 e5 2. Bc4 Nf6 3. d3 c6 4. f4 exf4 5. e5 Qa5+ 6. c3 Qxe5+ 7. Qe2 Qxe2+ 8. Nxe2 d5 9. Bb3 f3 10. gxf3 Bf5 11. d4 Nbd7 12. Nd2 Bd6 13. Nf1 0-0-0 14. Bf4 Bxf4 15. Nxf4 h6 16. Kd2 g5 17. Nd3 Rde8 18. Ne3 Bg6 19. Rag1 Re7 20. Nf2 Rhe8 21. Re1 Nf8 22. Neg4 Nxg4 23. Nxg4 Bh5 24. Rxe7 Rxe7 25. Re1 Kd7 26. Nf6+ Kd6 27. Rxe7 Kxe7 28. Nxh5 Nd7 29. Bc2 Nb6 30. b3 Nc8 31. Ng3 Kf6 32. Ke3 Nd6 33. Bd3 b5 34. Nh5+ Ke7 35. Ng3 Ke6 36. a4 f5 37. f4 a6 38. Ne2 Kf6 39. Ng3 Ke6 40. Nf1 Ke7 41. Nd2 Ke6 42. Nf3 Nf7 43. Ne5 Nd8 44. a5 g4 45. Kf2 h5 46. Kg3 Nb7 47. Nxc6 Kd6 48. Nb8 Nxa5 49. b4 Nb3 50. Nxa6 Kc6 51. Bxf5 Nc1 52. Bxg4 hxg4 53. Kxg4 Ne2 54. h4 Nxc3 55. Nc5 Na4 56. h5 Nxc5 57. dxc5 1-0

[Event "Budapest FS08 Nadassy"]
[Site "Budapest"]
[Date "2021.08.07"]
[Round "1"]
[White "Koltai, Dora"]
[Black "Demjen, Attila"]
[Result "1/2-1/2"]
[WhiteElo "1897"]
[BlackElo "1799"]
[PlyCount "86"]
[EventDate "2021.08.07"]
[EventType "swiss"]
[EventRounds "12"]
[EventCountry "HUN"]
[SourceTitle "EXT 2022"]
[Source "ChessBase"]
[SourceDate "2021.10.06"]
[SourceVersion "1"]
[SourceVersionDate "2021.10.06"]
[SourceQuality "1"]
[WhiteTeam "Guests"]
[BlackTeam "Hungary"]
[WhiteTeamCountry "HUN"]
[BlackTeamCountry "HUN"]

1. e4 c6 2. d4 d5 3. exd5 cxd5 4. Bd3 Nc6 5. c3 Nf6 6. Bf4 g6 7. Nd2 Bg7 8. Ngf3 Qb6 9. Nb3 Nh5 10. Be3 Qc7 11. Bc2 a5 12. a4 Bg4 13. h3 Bxf3 14. Qxf3 Rd8 15. 0-0 0-0 16. Rfe1 e5 17. dxe5 Nxe5 18. Qe2 Nc4 19. Bc5 Nf4 20. Qe7 Qxe7 21. Bxe7 Nxb2 22. Bxf8 Kxf8 23. Nd4 Bxd4 24. cxd4 b6 25. Rab1 Nc4 26. h4 Rd6 27. Bb3 Nd3 28. Re2 Nf4 29. Bxc4 dxc4 30. Re4 Nd5 31. Rc1 c3 32. Kf1 f6 33. h5 Rc6 34. h6 Kf7 35. g4 Rc4 36. Ke2 f5 37. gxf5 gxf5 38. Re5 Rxd4 39. Rxf5+ Kg6 40. Rf3 Rd2+ 41. Ke1 Rd4 42. Ke2 Rd2+ 43. Ke1 Rd4 1/2-1/2

[Event "Budapes FS07 Nadassy"]
[Site "Budapest"]
[Date "2021.07.06"]
[Round "4.7"]
[White "Bokorovics, Bertalan"]
[Black "Demjen, Attila"]
[Result "1-0"]
[WhiteElo "2165"]
[BlackElo "1861"]
[PlyCount "141"]
[EventDate "2021.07.03"]
[EventType "schev"]
[EventRounds "14"]
[EventCountry "HUN"]
[SourceTitle "EXT 2022"]
[Source "ChessBase"]
[SourceDate "2021.10.06"]
[SourceVersion "1"]
[SourceVersionDate "2021.10.06"]
[SourceQuality "1"]
[WhiteTeam "Team B"]
[BlackTeam "Team A"]
[WhiteTeamCountry "IND"]
[BlackTeamCountry "HUN"]

1. e4 c6 2. d4 d5 3. f3 dxe4 4. fxe4 Nf6 5. Nc3 e5 6. dxe5 Qxd1+ 7. Nxd1 Nxe4 8. Nf3 Nc5 9. Be3 Bf5 10. Nf2 Nbd7 11. 0-0-0 h6 12. g4 Bh7 13. Be2 Nb6 14. c4 Ne4 15. Nxe4 Bxe4 16. Rhf1 Be7 17. Nd4 0-0 18. Nf5 Bg5 19. Bxg5 hxg5 20. Nd6 Bg6 21. Bd3 Bxd3 22. Rxd3 Rad8 23. Kc2 g6 24. b3 Rd7 25. h3 Re7 26. Re3 Kg7 27. Kd3 Nd7 28. Kd4 c5+ 29. Kd5 b6 30. Rff3 Nb8 31. Rf2 Na6 32. a3 Nc7+ 33. Kc6 Ne6 34. Kb5 Nc7+ 35. Ka4 Ne6 36. b4 Rd8 37. Nf5+ gxf5 38. gxf5 Red7 39. fxe6 fxe6 40. Rg3 Kh6 41. Rf6+ Kh5 42. Rxe6 Rd3 43. Rxd3 Rxd3 44. Re7 Kg6 45. Rxa7 Rxh3 46. Rb7 g4 47. Rxb6+ Kf5 48. Rf6+ Kxe5 49. Rg6 Kf5 50. Rg8 Rc3 51. Kb5 cxb4 52. axb4 g3 53. c5 Ke6 54. Kc6 Rf3 55. b5 Kf7 56. Rg4 Rf6+ 57. Kb7 Rg6 58. Rxg6 Kxg6 59. c6 g2 60. c7 g1Q 61. c8Q Qd4 62. Qe6+ Kg7 63. b6 Qd8 64. Qe5+ Kg6 65. Ka7 Qd7+ 66. b7 Qa4+ 67. Kb6 Qb4+ 68. Qb5 Qd4+ 69. Qc5 Qb2+ 70. Kc6 Qg2+ 71. Kc7 1-0

[Event "Budapest FS03 Nadassy"]
[Site "Budapest"]
[Date "2020.03.17"]
[Round "10.4"]
[White "Vishal Choudary, B."]
[Black "Demjen, Attila"]
[Result "1/2-1/2"]
[WhiteElo "1694"]
[BlackElo "1872"]
[PlyCount "63"]
[EventDate "2020.03.07"]
[EventType "team-tourn"]
[EventRounds "12"]
[EventCountry "HUN"]
[SourceTitle "CBM 195 Extra"]
[Source "ChessBase"]
[SourceDate "2020.05.31"]
[SourceVersion "1"]
[SourceVersionDate "2020.05.31"]
[SourceQuality "1"]
[WhiteTeam "B Team Lower Elo"]
[BlackTeam "A Team Higher Elo"]
[WhiteTeamCountry "HUN"]
[BlackTeamCountry "HUN"]

1. e4 c6 2. d4 d5 3. e5 Bf5 4. Nf3 e6 5. Be2 Nd7 6. 0-0 a6 7. c3 Rc8 8. Bf4 c5 9. Nbd2 Ne7 10. Rc1 Nc6 11. c4 dxc4 12. dxc5 Nxc5 13. Nxc4 Qxd1 14. Rfxd1 Be7 15. Nd6+ Bxd6 16. exd6 Nd7 17. Nd4 Be4 18. Nxc6 Bxc6 19. Bf3 0-0 20. Bxc6 Rxc6 21. Rxc6 bxc6 22. Rc1 Rc8 23. Rc3 f6 24. Rb3 Rb8 25. Rc3 Rxb2 26. Rxc6 e5 27. Bc1 Rb1 28. g3 Kf7 29. Kg2 Rb6 30. Rc7 Rxd6 31. Ba3 Rd5 32. Bb4 1/2-1/2

[Event "Budapest FS03 Nadassy"]
[Site "Budapest"]
[Date "2020.03.15"]
[Round "8.4"]
[White "Demjen, Attila"]
[Black "Tancsa, Tamas"]
[Result "0-1"]
[WhiteElo "1872"]
[BlackElo "2071"]
[PlyCount "134"]
[EventDate "2020.03.07"]
[EventType "team-tourn"]
[EventRounds "12"]
[EventCountry "HUN"]
[SourceTitle "CBM 195 Extra"]
[Source "ChessBase"]
[SourceDate "2020.05.31"]
[SourceVersion "1"]
[SourceVersionDate "2020.05.31"]
[SourceQuality "1"]
[WhiteTeam "A Team Higher Elo"]
[BlackTeam "B Team Lower Elo"]
[WhiteTeamCountry "HUN"]
[BlackTeamCountry "HUN"]

1. e4 e5 2. Bc4 Nf6 3. d3 Nc6 4. a3 d6 5. h3 h6 6. Nf3 g5 7. g4 Bg7 8. Nc3 a6 9. Ne2 0-0 10. Ng3 Nxg4 11. hxg4 Bxg4 12. c3 Qf6 13. Nf5 Bxf5 14. exf5 Ne7 15. Qe2 Nxf5 16. Nxg5 hxg5 17. Qh5 Qh6 18. Bxg5 Qxh5 19. Rxh5 c6 20. 0-0-0 d5 21. Bb3 Rae8 22. Rg1 Re6 23. Bd2 Rg6 24. Rgg5 Ne7 25. c4 Bf6 26. Rxg6+ fxg6 27. Rh2 Rd8 28. Rg2 Kg7 29. c5 Nf5 30. Bd1 Rh8 31. Rg1 Rh2 32. f3 Bh4 33. Rg4 Bf2 34. Rb4 Bxc5 35. Rxb7+ Kf6 36. b4 Bf2 37. Ba4 Nd4 38. Rc7 Ke6 39. Rg7 Rg2 40. Rg8 Rg1+ 41. Bd1 Nxf3 42. Rf8 e4 43. dxe4 dxe4 44. Bc3 Bd4 45. Rxf3 exf3 46. Bxd4 Rf1 47. Kd2 g5 48. Bb3+ Kf5 49. Bc4 Rh1 50. Bf2 Ra1 51. Bxa6 Rxa3 52. Bd3+ Kf4 53. Be3+ Kg3 54. Bxg5 Rxd3+ 55. Kxd3 f2 56. Bh4+ Kxh4 57. Ke2 Kg3 58. Kf1 Kg4 59. Kxf2 Kf4 60. Ke2 Ke4 61. Kd2 Kd4 62. b5 cxb5 63. Kc2 Kc4 64. Kb2 Kb4 65. Ka2 Kc3 66. Kb1 b4 67. Kc1 b3 0-1

[Event "Budapest FS03 Nadassy"]
[Site "Budapest"]
[Date "2020.03.13"]
[Round "6.4"]
[White "Demjen, Attila"]
[Black "Vishal Choudary, B."]
[Result "1-0"]
[WhiteElo "1872"]
[BlackElo "1694"]
[PlyCount "51"]
[EventDate "2020.03.07"]
[EventType "team-tourn"]
[EventRounds "12"]
[EventCountry "HUN"]
[SourceTitle "CBM 195 Extra"]
[Source "ChessBase"]
[SourceDate "2020.05.31"]
[SourceVersion "1"]
[SourceVersionDate "2020.05.31"]
[SourceQuality "1"]
[WhiteTeam "A Team Higher Elo"]
[BlackTeam "B Team Lower Elo"]
[WhiteTeamCountry "HUN"]
[BlackTeamCountry "HUN"]

1. e4 c5 2. c3 d5 3. exd5 Nf6 4. c4 e6 5. dxe6 Bxe6 6. Nc3 Nc6 7. Nf3 h6 8. a3 a6 9. Be2 Bd6 10. 0-0 Qc7 11. h3 0-0-0 12. Qc2 Rde8 13. d3 g5 14. Ne4 Nxe4 15. dxe4 f6 16. b4 cxb4 17. c5 Be7 18. axb4 Nxb4 19. Qa4 Nc6 20. Be3 h5 21. Rfb1 a5 22. Nd4 Nxd4 23. Bxd4 Bd8 24. c6 b5 25. Qxb5 Be7 26. Rxa5 1-0

[Event "Budapest FS03 Nadassy"]
[Site "Budapest"]
[Date "2020.03.08"]
[Round "2.4"]
[White "Vishal Choudary, B."]
[Black "Demjen, Attila"]
[Result "1-0"]
[WhiteElo "1694"]
[BlackElo "1872"]
[PlyCount "103"]
[EventDate "2020.03.07"]
[EventType "team-tourn"]
[EventRounds "12"]
[EventCountry "HUN"]
[SourceTitle "CBM 195 Extra"]
[Source "ChessBase"]
[SourceDate "2020.05.31"]
[SourceVersion "1"]
[SourceVersionDate "2020.05.31"]
[SourceQuality "1"]
[WhiteTeam "B Team Lower Elo"]
[BlackTeam "A Team Higher Elo"]
[WhiteTeamCountry "HUN"]
[BlackTeamCountry "HUN"]

1. e4 c6 2. d4 d5 3. exd5 cxd5 4. Bd3 Nf6 5. Bf4 Nc6 6. c3 a6 7. h3 g6 8. Nd2 Bg7 9. Ngf3 0-0 10. 0-0 b5 11. b4 Bf5 12. Bxf5 gxf5 13. a4 Qd7 14. Ne5 Nxe5 15. dxe5 Ne4 16. Nxe4 fxe4 17. f3 Qf5 18. fxe4 Qxe4 19. axb5 axb5 20. Qd4 f5 21. Rfe1 Qxd4+ 22. cxd4 e6 23. Bg5 Kf7 24. Rec1 Rxa1 25. Rxa1 Kg6 26. Be7 Rf7 27. Bc5 f4 28. Ra6 Kf5 29. Kf2 Rb7 30. Kf3 h5 31. Ra8 Bh6 32. Rg8 Bg7 33. Bf8 Bxe5 34. dxe5 Kxe5 35. Bc5 Rf7 36. Rd8 Kf5 37. Bd4 Kg6 38. Rb8 Kf5 39. Rxb5 Rd7 40. g4+ fxg3 41. Kxg3 Ke4 42. Bb2 e5 43. Rc5 Rg7+ 44. Kh4 Rg2 45. Bc1 Kd4 46. Rc7 e4 47. b5 e3 48. Re7 e2 49. b6 Kd3 50. b7 Rg7 51. b8Q Rxe7 52. Qb3+ 1-0

[Event "NATO-ch 30th"]
[Site "Berlin"]
[Date "2019.09.20"]
[Round "7.47"]
[White "Demjen, Attila"]
[Black "Rosseel, Kimball"]
[Result "1/2-1/2"]
[WhiteElo "1889"]
[BlackElo "1759"]
[PlyCount "88"]
[EventDate "2019.09.14"]
[EventType "team-swiss"]
[EventRounds "7"]
[EventCountry "GER"]
[SourceTitle "EXT 2020"]
[Source "ChessBase"]
[SourceDate "2019.10.17"]
[SourceVersion "1"]
[SourceVersionDate "2019.10.17"]
[SourceQuality "1"]
[WhiteTeam "Hungary"]
[BlackTeam "Belgium"]
[WhiteTeamCountry "HUN"]
[BlackTeamCountry "BEL"]

1. e4 d6 2. d4 Nf6 3. Bd3 g6 4. Ne2 Bg7 5. c3 0-0 6. 0-0 Na6 7. Bxa6 bxa6 8. f3 c6 9. Be3 Qb6 10. Qd2 Rb8 11. b3 Rd8 12. Na3 a5 13. Rab1 Ba6 14. d5 c5 15. b4 axb4 16. cxb4 Bxe2 17. Qxe2 Qc7 18. bxc5 dxc5 19. Qa6 Rb6 20. Rxb6 Qxb6 21. Qc4 Nd7 22. Rb1 Qa5 23. Nc2 Ne5 24. Qxc5 Qxa2 25. Ra1 Nxf3+ 26. gxf3 Bxa1 27. Nxa1 Qxa1+ 28. Kg2 Qb2+ 29. Kg3 Qb8+ 30. Bf4 Qb7 31. Qc3 Rc8 32. Qe5 f6 33. Qe6+ Kg7 34. h4 h6 35. e5 g5 36. hxg5 hxg5 37. exf6+ exf6 38. Bd6 Rc4 39. Be7 Rf4 40. Bd6 Rd4 41. Be5 Rxd5 42. Qxf6+ Kh7 43. Qh8+ Kg6 44. Qf6+ Kh7 1/2-1/2

[Event "NATO-ch 30th"]
[Site "Berlin"]
[Date "2019.09.17"]
[Round "3.42"]
[White "Tremblay, Mario"]
[Black "Demjen, Attila"]
[Result "0-1"]
[WhiteElo "1652"]
[BlackElo "1889"]
[PlyCount "68"]
[EventDate "2019.09.14"]
[EventType "team-swiss"]
[EventRounds "7"]
[EventCountry "GER"]
[SourceTitle "EXT 2020"]
[Source "ChessBase"]
[SourceDate "2019.10.17"]
[SourceVersion "1"]
[SourceVersionDate "2019.10.17"]
[SourceQuality "1"]
[WhiteTeam "Canada"]
[BlackTeam "Hungary"]
[WhiteTeamCountry "CAN"]
[BlackTeamCountry "HUN"]

1. e4 c6 2. d4 d5 3. e5 Bf5 4. Ne2 e6 5. Ng3 Bg6 6. h4 h6 7. h5 Bh7 8. Bd3 Bxd3 9. cxd3 Nd7 10. Qg4 Qa5+ 11. Nc3 Qb4 12. Nge2 Nxe5 13. Qg3 Nd7 14. 0-0 Ngf6 15. Qh2 Bd6 16. Bf4 Bxf4 17. Qxf4 Nxh5 18. Qh2 Nhf6 19. a3 Qe7 20. f4 Ng4 21. Qg3 f5 22. b4 0-0 23. Rae1 Qf7 24. Qh3 Ndf6 25. Ng3 Rfe8 26. Re2 g6 27. Nd1 Kg7 28. Ne3 Nxe3 29. Rxe3 Ng4 30. Ref3 a5 31. Nh1 axb4 32. axb4 Qf6 33. Nf2 Qxd4 34. Kh1 h5 0-1

[Event "HUN-chT2 Charousek 1819"]
[Site "Hungary"]
[Date "2019.03.31"]
[Round "10.6"]
[White "Orso, Miklos"]
[Black "Demjen, Attila"]
[Result "1-0"]
[WhiteElo "2302"]
[BlackElo "1914"]
[PlyCount "119"]
[EventDate "2018.09.23"]
[EventType "team-tourn"]
[EventRounds "11"]
[EventCountry "HUN"]
[SourceTitle "EXT 2021"]
[Source "ChessBase"]
[SourceDate "2020.10.23"]
[SourceVersion "1"]
[SourceVersionDate "2020.10.23"]
[SourceQuality "1"]
[WhiteTeam "Aquaprofit Nagykanizsa II"]
[BlackTeam "Budapest HASE"]
[WhiteTeamCountry "HUN"]
[BlackTeamCountry "HUN"]

1. Nf3 Nf6 2. c4 g6 3. Nc3 Bg7 4. e4 d6 5. d4 0-0 6. Be2 e5 7. 0-0 Nc6 8. d5 Ne7 9. b4 a5 10. bxa5 Rxa5 11. Nd2 b6 12. a4 Nd7 13. Nb3 Ra8 14. Be3 f5 15. f3 f4 16. Bf2 g5 17. Nb5 Nf6 18. a5 bxa5 19. Rxa5 Rxa5 20. Nxa5 c5 21. Nc6 Qd7 22. Nxe7+ Qxe7 23. Qa1 Rd8 24. Qa5 Bf8 25. Rb1 Bd7 26. Nxd6 Bc8 27. Nxc8 Rxc8 28. Qa6 Qd8 29. Qe6+ Kh8 30. Qxe5 Bg7 31. Qxg5 Rb8 32. Re1 Qa5 33. e5 Nd7 34. Bd3 Qd2 35. Qf5 Nf8 36. Bf1 Ng6 37. Re2 Qd1 38. Qc2 Qxc2 39. Rxc2 Nxe5 40. Bxc5 Rb1 41. Ra2 Kg8 42. Kf2 Nd7 43. Ba7 Rb7 44. Ke2 Bf8 45. Bd4 Kf7 46. Ra7 Rxa7 47. Bxa7 h5 48. Bf2 Kf6 49. Bd4+ Ke7 50. Kd3 Kf7 51. Ke4 Bd6 52. Kf5 Nc5 53. Bxc5 Bxc5 54. Kxf4 Bd6+ 55. Kg5 Bxh2 56. Kxh5 Kf6 57. Kg4 Bd6 58. f4 Bc5 59. Kf3 Bd6 60. Ke4 1-0

[Event "HUN-chT2 Breyer 1819"]
[Site "Hungary"]
[Date "2019.03.10"]
[Round "7.8"]
[White "Fellegi, Zoltan"]
[Black "Demjen, Attila"]
[Result "1-0"]
[WhiteElo "1953"]
[BlackElo "1923"]
[PlyCount "35"]
[EventDate "2018.10.28"]
[EventType "team-tourn"]
[EventRounds "9"]
[EventCountry "HUN"]
[SourceTitle "EXT 2021"]
[Source "ChessBase"]
[SourceDate "2020.10.23"]
[SourceVersion "1"]
[SourceVersionDate "2020.10.23"]
[SourceQuality "1"]
[WhiteTeam "Szekesfehervar"]
[BlackTeam "Budapest HASE"]
[WhiteTeamCountry "HUN"]
[BlackTeamCountry "HUN"]

1. d4 Nf6 2. c4 e5 3. dxe5 Ng4 4. Nf3 Bc5 5. e3 Nc6 6. Nc3 Bb4 7. Bd2 Ngxe5 8. a3 Bxc3 9. Bxc3 d6 10. Be2 Be6 11. Qc2 f6 12. b3 Qe7 13. Nd4 Bd7 14. h3 a6 15. Nf5 Qf7 16. f4 Qg6 17. Bh5 Bxf5 18. Qxf5 1-0

[Event "HUN-chT2 Charousek 1819"]
[Site "Hungary"]
[Date "2019.01.27"]
[Round "6.9"]
[White "Demjen, Attila"]
[Black "Voros, Gellert"]
[Result "0-1"]
[WhiteElo "1914"]
[BlackElo "2103"]
[PlyCount "70"]
[EventDate "2018.09.23"]
[EventType "team-tourn"]
[EventRounds "11"]
[EventCountry "HUN"]
[SourceTitle "CBM 189 Extra"]
[Source "ChessBase"]
[SourceDate "2019.06.03"]
[SourceVersion "1"]
[SourceVersionDate "2019.06.03"]
[SourceQuality "1"]
[WhiteTeam "Budapest HASE"]
[BlackTeam "Gyor Szechenyi"]
[WhiteTeamCountry "HUN"]
[BlackTeamCountry "HUN"]

1. e4 e5 2. Bc4 Nf6 3. d3 c6 4. h3 d5 5. exd5 cxd5 6. Bb5+ Nc6 7. Bg5 Qa5+ 8. Nc3 d4 9. Qe2 Bd6 10. f4 dxc3 11. Bxc6+ bxc6 12. b4 Bxb4 13. Nf3 Nd7 14. Qe4 Rb8 15. fxe5 Qd5 16. Qe2 0-0 17. 0-0 Ba6 18. Kh1 Rbe8 19. Qf2 Nxe5 20. Nxe5 Rxe5 21. Bf4 Rh5 22. Kh2 Bc5 23. Qg3 Bd4 24. Rae1 Bc8 25. Re4 Be6 26. Qf3 Rf5 27. g4 Rf6 28. Qg3 Rg6 29. Bd6 Rd8 30. Bc7 Re8 31. Bf4 f5 32. Rxe6 Rgxe6 33. h4 Re2+ 34. Kh3 fxg4+ 35. Qxg4 Qe6 0-1

[Event "Budapest-chT1 Lilienthal 1718"]
[Site "Budapest"]
[Date "2018.03.18"]
[Round "12"]
[White "Lehocz, Jozsef"]
[Black "Demjen, Attila"]
[Result "1-0"]
[WhiteElo "2036"]
[BlackElo "1982"]
[PlyCount "65"]
[EventDate "2017.10.01"]
[EventType "team-tourn"]
[EventRounds "13"]
[EventCountry "HUN"]
[SourceTitle "EXT 2021"]
[Source "ChessBase"]
[SourceDate "2020.10.23"]
[SourceVersion "1"]
[SourceVersionDate "2020.10.23"]
[SourceQuality "1"]
[WhiteTeam "Aquarena III"]
[BlackTeam "Penzugyor III"]
[WhiteTeamCountry "HUN"]
[BlackTeamCountry "HUN"]

1. e4 c6 2. d4 d5 3. e5 Bf5 4. Bd3 Bxd3 5. Qxd3 e6 6. Ne2 c5 7. c3 Nd7 8. Be3 c4 9. Qc2 Ne7 10. Bg5 h6 11. Bxe7 Bxe7 12. f4 g6 13. Nd2 b5 14. 0-0 Qb6 15. b3 0-0 16. Kh1 Rfc8 17. g4 cxb3 18. axb3 b4 19. f5 exf5 20. gxf5 bxc3 21. Nf3 g5 22. f6 Bb4 23. Rg1 a5 24. Nf4 Nxf6 25. Nxg5 hxg5 26. Rxg5+ Kf8 27. exf6 Qxf6 28. Rf5 Qh6 29. Rg1 Bd6 30. Nxd5 Qd2 31. Rxf7+ Kxf7 32. Qh7+ Ke8 33. Rg8+ 1-0

[Event "HUN-chT2 Breyer 1718"]
[Site "Hungary"]
[Date "2018.01.28"]
[Round "7.9"]
[White "Laszlo, Imre"]
[Black "Demjen, Attila"]
[Result "1-0"]
[WhiteElo "2111"]
[BlackElo "1981"]
[PlyCount "135"]
[EventDate "2017.09.24"]
[EventType "team-tourn"]
[EventRounds "11"]
[EventCountry "HUN"]
[SourceTitle "EXT 2021"]
[Source "ChessBase"]
[SourceDate "2020.10.23"]
[SourceVersion "1"]
[SourceVersionDate "2020.10.23"]
[SourceQuality "1"]
[WhiteTeam "Naszaly Geniusz Tata"]
[BlackTeam "Budapest HASE"]
[WhiteTeamCountry "HUN"]
[BlackTeamCountry "HUN"]

1. d4 Nf6 2. Nf3 b6 3. e3 Bb7 4. Bd3 g6 5. 0-0 Bg7 6. Nbd2 d6 7. e4 0-0 8. Re1 Na6 9. c3 c5 10. Qe2 Nc7 11. Nf1 Nd7 12. Ng3 a5 13. Bg5 cxd4 14. cxd4 Ba6 15. Rac1 Bxd3 16. Qxd3 Rc8 17. Qd2 Nf6 18. Bh6 Ne6 19. Bxg7 Nxg7 20. Qh6 Rxc1 21. Rxc1 Ng4 22. Qf4 Nf6 23. d5 e5 24. Qg5 Nd7 25. Qh6 f6 26. Rc6 Ne8 27. h4 Qe7 28. h5 Qg7 29. Qxg7+ Kxg7 30. Nd2 Kf7 31. Nc4 b5 32. Nxd6+ Nxd6 33. Rxd6 Ke7 34. Re6+ Kf7 35. Rc6 a4 36. Ne2 Rb8 37. Nc3 gxh5 38. Rc7 Ke7 39. g3 Kd8 40. Rc6 Ke7 41. Kg2 Rb6 42. Rxb6 Nxb6 43. Nxb5 Nc4 44. b3 axb3 45. axb3 Nd2 46. Nc3 Nxb3 47. Kh3 Kf7 48. Kh4 Kg6 49. f4 Nc5 50. f5+ Kh6 51. d6 Kg7 52. Kxh5 Kf7 53. Kh6 Nb7 54. d7 Ke7 55. Nd5+ Kxd7 56. Nxf6+ Ke7 57. Nd5+ Kf7 58. Kxh7 Nd6 59. Nc3 Kf6 60. Kh6 Nf7+ 61. Kh5 Nd6 62. g4 Kg7 63. g5 Kf7 64. Kh6 Kg8 65. Kg6 Kf8 66. Kf6 Nc4 67. Nd5 Kg8 68. g6 1-0

[Event "HUN-chT2 Breyer 1718"]
[Site "Hungary"]
[Date "2017.12.03"]
[Round "5.9"]
[White "Demjen, Attila"]
[Black "Grimm, Balazs"]
[Result "1/2-1/2"]
[WhiteElo "1981"]
[BlackElo "1788"]
[PlyCount "26"]
[EventDate "2017.09.24"]
[EventType "team-tourn"]
[EventRounds "11"]
[EventCountry "HUN"]
[SourceTitle "EXT 2021"]
[Source "ChessBase"]
[SourceDate "2020.10.23"]
[SourceVersion "1"]
[SourceVersionDate "2020.10.23"]
[SourceQuality "1"]
[WhiteTeam "Budapest HASE"]
[BlackTeam "Torokbalint"]
[WhiteTeamCountry "HUN"]
[BlackTeamCountry "HUN"]

1. e4 c5 2. c3 e6 3. d4 d5 4. e5 Nc6 5. Nf3 Bd7 6. a3 Nge7 7. b4 c4 8. a4 Ng6 9. h4 Be7 10. g3 h6 11. Bg2 Qc7 12. Ba3 a6 13. Nbd2 Na7 1/2-1/2

[Event "HUN-chT2 Breyer 1718"]
[Site "Hungary"]
[Date "2017.11.26"]
[Round "4.9"]
[White "Szavin, Mark Laszlo"]
[Black "Demjen, Attila"]
[Result "1-0"]
[WhiteElo "1899"]
[BlackElo "1981"]
[PlyCount "61"]
[EventDate "2017.09.24"]
[EventType "team-tourn"]
[EventRounds "11"]
[EventCountry "HUN"]
[SourceTitle "EXT 2021"]
[Source "ChessBase"]
[SourceDate "2020.10.23"]
[SourceVersion "1"]
[SourceVersionDate "2020.10.23"]
[SourceQuality "1"]
[WhiteTeam "Zsambek"]
[BlackTeam "Budapest HASE"]
[WhiteTeamCountry "HUN"]
[BlackTeamCountry "HUN"]

1. e4 c6 2. d4 d5 3. exd5 cxd5 4. c4 Nf6 5. Nc3 e6 6. c5 b6 7. b4 a5 8. Bb5+ Bd7 9. Qa4 bxc5 10. bxc5 Bxb5 11. Nxb5 Nfd7 12. Bf4 Na6 13. Nf3 f6 14. 0-0 Kf7 15. Rfe1 g5 16. Bd6 h5 17. Qc2 h4 18. Rxe6 Kxe6 19. Qg6 Ndxc5 20. Nxg5+ Kd7 21. Nf7 Qe8 22. dxc5 Bxd6 23. Nbxd6 Qe6 24. Nxh8 Rg8 25. Qf7+ Qxf7 26. Nhxf7 Nxc5 27. Rb1 h3 28. g3 Kc6 29. Nf5 Rg4 30. f4 Nd3 31. N7h6 1-0